Kế toán tài chính áp dụng trong các doanh nghiệp
Sách hướng dẫn thực hiện các chuẩn mực kế toán và hệ thống hoá các văn bản liên quan đến công tác hạch toán kế toán ở doanh nghiệp.
Gardado en:
| Autor Principal: | |
|---|---|
| Formato: | Libro |
| Idioma: | Undetermined |
| Publicado: |
Hà Nội
Tài Chính
2004
|
| Những chủ đề: | |
| Các nhãn: |
Engadir etiqueta
Sen Etiquetas, Sexa o primeiro en etiquetar este rexistro!
|
| Thư viện lưu trữ: | Trung tâm Học liệu Trường Đại học Cần Thơ |
|---|
| LEADER | 00771nam a2200205Ia 4500 | ||
|---|---|---|---|
| 001 | CTU_64687 | ||
| 008 | 210402s9999 xx 000 0 und d | ||
| 020 | |b 150000 | ||
| 082 | |a 657.4 | ||
| 082 | |b D561 | ||
| 100 | |a Bùi, Văn Dương | ||
| 245 | 0 | |a Kế toán tài chính áp dụng trong các doanh nghiệp | |
| 245 | 0 | |c Bùi Văn Dương | |
| 260 | |a Hà Nội | ||
| 260 | |b Tài Chính | ||
| 260 | |c 2004 | ||
| 520 | |a Sách hướng dẫn thực hiện các chuẩn mực kế toán và hệ thống hoá các văn bản liên quan đến công tác hạch toán kế toán ở doanh nghiệp. | ||
| 650 | |a Accounting | ||
| 904 | |i Minh | ||
| 980 | |a Trung tâm Học liệu Trường Đại học Cần Thơ | ||